000
00260nam a2200097Ia 4500
001
1253032
005
20251031150946.0
008
251031s9999 xx 000 0 und d
245
0
_c
MUSTAFA ORAKÇI
_a
V-12 LEVENT SÜPER GİZLİ AJAN
260
_b
TİMAŞ YAYINLARI
999
_c
1253032
_d
1253032